Формирование микроструктуры алюминиево-магниевого сплава при сварке трением с перемешиванием; Перспективные материалы с иерархической структурой для новых технологий и надежных конструкций

التفاصيل البيبلوغرافية
Parent link:Перспективные материалы с иерархической структурой для новых технологий и надежных конструкций.— 2017.— [С. 517-518]
مؤلف مشترك: Национальный исследовательский Томский политехнический университет (ТПУ) Институт физики высоких технологий (ИФВТ) Кафедра физики высоких технологий в машиностроении (ФВТМ)
مؤلفون آخرون: Заикина А. А., Колубаев А. В., Сизова О. В., Иванов К. В., Филипов А. В., Колубаев Е. А. Евгений Александрович
الملخص:Заглавие с экрана
اللغة:الروسية
منشور في: 2017
سلاسل:Сварка, родственные процессы и технологии для создания технических систем ответственного и специального назначения, в том числе для эксплуатации в экстремальных условиях и низких климатических температур Арктики и Крайнего Севера
الموضوعات:
الوصول للمادة أونلاين:http://www.ispms.ru/files/Conference/2017_m/sb_tez_2017.pdf#page=518
التنسيق: الكتروني فصل الكتاب
KOHA link:https://koha.lib.tpu.ru/cgi-bin/koha/opac-detail.pl?biblionumber=657055

MARC

LEADER 00000nla2a2200000 4500
001 657055
005 20240226091516.0
035 |a (RuTPU)RU\TPU\network\23535 
035 |a RU\TPU\network\23533 
090 |a 657055 
100 |a 20171226d2017 k y0rusy50 ca 
101 0 |a rus 
102 |a RU 
105 |a a z 101zy 
135 |a drgn ---uucaa 
181 0 |a i  
182 0 |a b 
200 1 |a Формирование микроструктуры алюминиево-магниевого сплава при сварке трением с перемешиванием  |f А. А. Заикина [и др.] 
203 |a Текст  |c электронный 
225 1 |a Сварка, родственные процессы и технологии для создания технических систем ответственного и специального назначения, в том числе для эксплуатации в экстремальных условиях и низких климатических температур Арктики и Крайнего Севера 
300 |a Заглавие с экрана 
463 1 |0 (RuTPU)RU\TPU\network\23304  |t Перспективные материалы с иерархической структурой для новых технологий и надежных конструкций  |o тезисы докладов Международной конференции, 9-13 октября 2017 г., Томск  |f Российская академия наук (РАН), Сибирское отделение (СО), Институт физики прочности и материаловедения (ИФПМ)  |v [С. 517-518]  |d 2017 
610 1 |a электронный ресурс 
610 1 |a труды учёных ТПУ 
610 1 |a формирование 
610 1 |a микроструктуры 
610 1 |a алюминиево-магниевые сплавы 
610 1 |a сварка трением с перемешиванием 
610 1 |a алюминиевые сплавы 
610 1 |a прочностные характеристики 
610 1 |a пластические деформации 
610 1 |a трение скольжения 
701 1 |a Заикина  |b А. А. 
701 1 |a Колубаев  |b А. В. 
701 1 |a Сизова  |b О. В. 
701 1 |a Иванов  |b К. В. 
701 1 |a Филипов  |b А. В. 
701 1 |a Колубаев  |b Е. А.  |c физик  |c инженер Томского политехнического университета, кандидат физико-математических наук   |f 1979-  |g Евгений Александрович  |3 (RuTPU)RU\TPU\pers\31434  |9 15597 
712 0 2 |a Национальный исследовательский Томский политехнический университет (ТПУ)  |b Институт физики высоких технологий (ИФВТ)  |b Кафедра физики высоких технологий в машиностроении (ФВТМ)  |3 (RuTPU)RU\TPU\col\18687 
801 1 |a RU  |b 63413507  |c 20101016 
801 2 |a RU  |b 63413507  |c 20171227  |g RCR 
856 4 |u http://www.ispms.ru/files/Conference/2017_m/sb_tez_2017.pdf#page=518 
942 |c CF